Statistiques concernant Chicago - Culture générale

Cliquez ici pour prendre le quiz!

Statistiques générales

  • Ce quiz a été pris 274 fois
  • Le résultat moyen est 10 sur 15

Statistiques - réponses

InformationRéponse% Correct
État dans lequel se trouve ChicagoIllinois
87%
Club de NBA qui a eu pour légende Michael JordanBulls
86%
Route mythique qui relie Chicago à Santa Monica (Californie)Route 66
85%
Seule ville américaine accueillant plus de touristesNew York
84%
Grand lac qui borde ChicagoLac Michigan
83%
Inventeur de Mickey MouseWalt Disney
81%
Sport auquel joue l'équipe des "Cubs" de ChicagoBaseball
77%
Élément qui n'est jamais présent sur un véritable Hot Dog de ChicagoKetchup
72%
Célèbre parrain de la mafia surnommé ScarfaceAl Capone
69%
Rappeur ayant grandi dans la ville, candidat aux éléctions 2020Kanye West
64%
Constructeur aéronautique basé à ChicagoBoeing
60%
Période de l'histoire américaine durant laquelle il s'enrichitProhibition
58%
Surnom de la ville d'après son climat particulierLa ville des {vents}
42%
Plus haut gratte-ciel du monde de 1973 à 1998{Willis} Tower
25%
Nom donné aux habitants de la villeChicagoans
16%

Distribution des résultats

Percentile par nombre de réponses

% des personnes avec chaque résultat

Votre développement - résultats

Vous n’avez pas pris ce quiz